Gaming Quiz

Random Gaming Quiz

Halo Covenant Species Quiz Stats

Quiz not verified by Sporcle

Also try: Board Game Blitz
Challenge
Share
Tweet
Embed
Score 0/8 Timer 05:00
0 Plays Today
% Correct
Grunt
98%
Elite
98%
Brute
90.2%
Hunter
88.2%
Jackal
86.3%
Prophet
74.5%
Drone
72.5%
Skirmisher
51%

You're not logged in!

Compare scores with friends on all Sporcle quizzes.
Join for Free
OR
Log In

You Might Also Like...

Show Comments

Extras

Created Oct 30, 2010ReportNominate
Tags:covenant, halo

Top Quizzes Today


Score Distribution

Your Account Isn't Verified!

In order to create a playlist on Sporcle, you need to verify the email address you used during registration. Go to your Sporcle Settings to finish the process.

Report this User

Report this user for behavior that violates our Community Guidelines.

Details: